Every 1,000,000+ City in Europe - Statistics

General Stats
  • This quiz has been taken 55 times
  • The average score is 65 of 77
Answer Stats
Country Letter Population City % Correct
Spain B 5,803,625 Barcelona
100%
Germany B 5,159,352 Berlin
100%
Türkiye I 16,550,287 İstanbul
100%
UK L 14,880,146 London
100%
Spain M 7,053,898 Madrid
100%
Italy M 5,813,955 Milan
100%
Russia M 20,411,864 Moscow
100%
France P 12,146,952 Paris
100%
Portugal L 3,161,260 Lisbon
98%
Germany M 4,130,053 Münich
98%
Italy R 3,715,440 Rome
98%
Russia S-P 6,316,793 Saint Petersburg
98%
Netherlands A 2,513,854 Amsterdam
96%
Greece A 3,626,307 Athens
96%
Ukraine K 4,066,730 Kyiv
96%
Austria V 2,309,192 Vienna
96%
Hungary B 3,206,750 Budapest
94%
Germany H 3,755,102 Hamburg
94%
Netherlands R 3,390,913 Rotterdam
94%
Sweden S 2,118,650 Stockholm
94%
Switzerland Z 1,461,073 Zürich
94%
UK B 3,210,655 Birmingham
92%
Denmark C 1,408,434 Copenhagen
92%
Ireland D 1,302,924 Dublin
92%
Germany F-A-M 3,267,605 Frankfurt am Main
92%
UK G 1,808,941 Glasgow
92%
Finland H 1,560,912 Helsinki
92%
UK M 3,053,735 Manchester
92%
Italy N 3,029,576 Naples
92%
Portugal P 1,408,582 Porto
92%
Poland W 2,441,459 Warsaw
92%
Serbia B 1,482,395 Belgrade
90%
Belgium B 2,149,597 Brussels
90%
Romania B 2,366,496 Bucharest
90%
France M 2,053,893 Marseille
90%
Belarus M 2,003,557 Minsk
90%
Norway O 1,172,039 Oslo
90%
Czechia P 1,527,668 Prague
90%
Bulgaria S 1,851,594 Sofia
90%
Italy T 1,642,170 Turin
90%
France L 2,251,197 Lyon
88%
Spain V 1,701,354 València
88%
Germany C/K 4,007,251 Cologne/Köln
87%
Poland K 1,136,548 Kraków
87%
UK L 1,790,415 Leeds
87%
Germany D 2,139,448 Düsseldorf
85%
UK L 1,307,426 Liverpool
85%
Germany N 1,513,707 Nuremburg
85%
Spain S 1,194,722 Seville
85%
Belgium A 1,120,065 Antwerp
83%
Germany D 1,108,305 Dresden
81%
Ukraine K 1,651,225 Kharkiv
81%
Germany S 3,063,849 Stuttgart
81%
Netherlands T-H 1,104,306 The Hague
81%
France T 1,303,498 Toulouse
81%
France B 1,104,087 Bordeaux
79%
Germany D/R 5,539,794 Dortmund/Ruhr
79%
Poland G 1,028,206 Gdańsk
79%
France N 1,008,120 Nice
79%
France L 1,208,823 Lille
77%
Germany H 1,217,023 Hanover
75%
UK N-U-T 1,194,106 Newcastle upon Tyne
75%
Russia N-N 1,711,550 Nizhny Novgorod
73%
Russia R-O-D 1,403,829 Rostov-on-Don
71%
UK S 1,220,761 Sheffield
69%
Ukraine D 1,605,316 Donetsk
67%
Russia K 1,442,851 Kazan
67%
Russia V 1,513,668 Volgograd
65%
Russia P 1,372,051 Perm
63%
Ukraine D 1,481,358 Dnipro
60%
Poland K 2,803,553 Katowice
60%
Ukraine O 1,380,267 Odesa
60%
Russia U 1,163,304 Ufa
52%
Russia S 1,353,072 Samara
50%
Russia V 1,186,227 Voronezh
48%
Russia K 1,211,386 Krasnodar
46%
Russia S 1,244,202 Saratov
46%
No matching quizzes found
Score Distribution
Percent of People with Each Score
Percentile by Number Answered
Your Score History
You have not taken this quiz